Oľga Bartošíková Maliarske dielo

Bibliographic Details
Main Authors: Zajíček, Štefan, 1949- (Author), Kubíková, Klára, 1944- (Author)
Other Authors: Noga, Milan (fotograf) (Photographer), Bachratý, Ctibor, 1955-2023 (Photographer), Oravcová, Anna (dizajnérka) (Photographer)
Format: Book
Language:Slovak
PhysicalDescription:195 strán fotografie, portréty 31 cm
Published: Senica Záhorská galéria Jána Mudrocha v Senici 2017
ISBN:9788089724246
Edition:Prvé vydanie
Series:Monografie umelcov Záhoria
Subjects:

MARC

LEADER 00000nam a2200000 4500
001 vtls011891635
003 SK-MaSNL
005 20260331211235.0
008 200228s2017 xo oc e 000 0dslo
015 |a SNBA2019/11 
020 |a 9788089724246  |q (viazané) 
035 |a urn:nbn:sk:snk-am00df97 
035 |a urn:nbn:sk:snk-am3i08o 
035 |a 82A8C643-D9C2-4579-B7BE-63BB58582985 
040 |a SNK  |b slo  |c SNK  |e rda 
041 0 |a slo  |b eng 
043 |a e-xo--- 
044 |a xo  |c SK 
072 7 |a 75  |x Maliarstvo  |2 konspekt 
080 |a 75.071.1-055.2  |2 2011 
080 |a 75(437.6)  |2 2011 
080 |a 741/744(437.6)  |2 2011 
080 |a 7.036/.038  |2 2011 
080 |a (437.6)  |2 2011 
080 |a (048.8)  |2 2011 
080 |a (084.11)  |2 2011 
100 1 |a Bartošíková, Oľga,  |d 1922-2023  |4 art  |9 182785 
245 1 0 |a Oľga Bartošíková Maliarske dielo  |c Štefan Zajíček, Klára Kubíková ; fotografie Milan Noga, Ctibor Bachratý, Anna Oravcová 
250 |a Prvé vydanie 
264 1 |a Senica  |b Záhorská galéria Jána Mudrocha v Senici  |c 2017 
300 |a 195 strán  |b fotografie, portréty  |c 31 cm 
336 |a text  |b txt  |2 rdacontent 
336 |a statický obraz  |b sti  |2 rdacontent 
337 |a bez média  |b n  |2 rdamedia 
338 |a zväzok  |b nc  |2 rdacarrier 
366 |e 600 kusov 
490 1 |a Monografie umelcov Záhoria  |v zväzok 9 
500 |a Životopisné dáta, prehľad výstav, zastúpenie v zbierkach, ceny a literatúra 
546 |a Anglické resumé 
600 1 7 |a Bartošíková, Oľga,  |d 1922-2023  |2 SNKMA  |9 182785 
648 7 |a 20.-21. storočie  |2 SNKPH  |9 302531 
648 7 |a 20th-21st centuries  |2 SNKPHeng  |9 550229 
650 0 7 |a maliarky  |2 SNKPH  |9 93021 
650 0 7 |a slovenské maliarstvo  |2 SNKPH  |9 3124 
650 0 7 |a slovenská kresba  |2 SNKPH  |9 88536 
650 0 7 |a moderné umenie  |2 SNKPH  |9 68456 
650 0 7 |a Women painters  |2 SNKPHeng  |9 302571 
650 0 7 |a Slovak painting  |2 SNKPHeng  |9 302574 
650 0 7 |a Slovak drawing  |2 SNKPHeng  |9 314850 
650 0 7 |a Modern art  |2 SNKPHeng  |9 294689 
651 7 |a Slovensko  |2 SNKPH  |9 14231 
651 7 |a Slovakia  |2 SNKPHeng  |9 92630 
655 7 |a monografie  |2 SNKPH  |9 70139 
655 7 |a obrazové publikácie  |2 SNKPH  |9 70343 
655 7 |a Monographs  |2 SNKPHeng  |9 120675 
655 7 |a Pictorial works  |2 SNKPHeng  |9 284468 
700 1 |a Zajíček, Štefan,  |d 1949-  |4 aut  |9 98488 
700 1 |a Kubíková, Klára,  |d 1944-  |4 aut  |9 358539 
700 1 |a Noga, Milan  |c (fotograf)  |4 pht  |9 312011 
700 1 |a Bachratý, Ctibor,  |d 1955-2023  |4 pht  |9 89935 
700 1 |a Oravcová, Anna  |c (dizajnérka)  |4 pht  |9 243158 
830 0 |a Monografie umelcov Záhoria  |9 333594 
919 |a 978-80-89724-24-6 
999 |c 868005  |d 869935 
952 |a SNK  |b SNK  |y PREZ  |7 0  |p 17A1389944  |o snkSB 94595  |i snk2019/25136  |8 0  |0 0  |1 0  |4 0  |d 2019-10-04  |f 1  |l 0  |r 2025-05-14 00:00:00  |w 2026-02-24